XI Roku 2006 wg Tygodnika "Piłka Nożna" (Europa) - Statystyki

Ogólne statystyki
  • Ten quiz został rozwiązany 117 razy
  • Średni wynik to 8 z 11
Statystyki odpowiedzi
Pozycja Kraj Klub Zawodnik % Poprawnych
BR Włochy Juventus Gianluigi Buffon
98%
PS Portugalia Man United Cristiano Ronaldo
95%
N Francja Arsenal Thierry Henry
94%
LO Niemcy Bayern Philipp Lahm
90%
ŚP Włochy Milan Andrea Pirlo
80%
ŚO Włochy Juventus/Real M. Fabio Cannavaro
76%
N Niemcy Werder Miroslav Klose
72%
ŚO Portugalia Chelsea Ricardo Carvalho
63%
PO Włochy Juventus/Barcelona Gianluca Zambrotta
61%
ŚP Francja Juventus/Inter Patrick Vieira
38%
LS Francja Lyon Florent Malouda
21%
Nie znaleziono quizów pasujących do podanych kryteriów
Rozkład punktacji
Procent ludzi z każdym wynikiem
Percentyl według liczby udzielonych odpowiedzi
Twoja historia wyników
Nie rozwiązałeś tego quizu